000 00322nam a2200133 a 4500
005 20141022142009.0
008 120228s19uu xx 00 eng d
050 _aCD-ROM
_bG79 2009
100 _aGray, Clifford
245 _aProject management /
_cClifford Gray.
250 _a4th ed.
260 _c2009.
942 _cAVM
999 _c276640
_d276640